ARRUPE JESUIT UNIVERSITY

CORONAVIRUS -STOP THE SPREAD - CLEAN,DISINFECT,COVER

Nkrumah's Ghana and East Africa : (Record no. 124881)

MARC details
000 -LEADER
fixed length control field 01346pam a2200325 a 4500
001 - CONTROL NUMBER
control field 4381161
003 - CONTROL NUMBER IDENTIFIER
control field ARRUPE
005 - DATE AND TIME OF LATEST TRANSACTION
control field 20160810105119.0
008 - FIXED-LENGTH DATA ELEMENTS--GENERAL INFORMATION
fixed length control field 910205s1992 nju b 001 0 eng
010 ## - LIBRARY OF CONGRESS CONTROL NUMBER
LC control number 91055093
020 ## - INTERNATIONAL STANDARD BOOK NUMBER
International Standard Book Number 0838634567 (alk. paper)
040 ## - CATALOGING SOURCE
Original cataloging agency DLC
Transcribing agency DLC
Modifying agency DLC
043 ## - GEOGRAPHIC AREA CODE
Geographic area code f-gh---
-- fe-----
050 00 - LIBRARY OF CONGRESS CALL NUMBER
Classification number DT512
Item number .A66 1992
082 00 - DEWEY DECIMAL CLASSIFICATION NUMBER
Classification number 327.6670676
Edition number 20
300 ## - PHYSICAL DESCRIPTION
Dimensions 25 cm.
100 1# - MAIN ENTRY--PERSONAL NAME
Personal name Agyeman, Opoku,
Dates associated with a name 1942-
9 (RLIN) 24692
245 10 - TITLE STATEMENT
Title Nkrumah's Ghana and East Africa :
Remainder of title Pan-Africanism and African interstate relations /
Statement of responsibility, etc Opoku Agyeman.
260 ## - PUBLICATION, DISTRIBUTION, ETC. (IMPRINT)
Place of publication, distribution, etc Rutherford :
Name of publisher, distributor, etc Fairleigh Dickinson University Press ;
Place of publication, distribution, etc London ;
-- Cranbury, NJ :
Name of publisher, distributor, etc Associated University Press,
Date of publication, distribution, etc c1992.
300 ## - PHYSICAL DESCRIPTION
Extent 234 p. ;
504 ## - BIBLIOGRAPHY, ETC. NOTE
Bibliography, etc Includes bibliographical references (p. [223]-229) and index.
600 10 - SUBJECT ADDED ENTRY--PERSONAL NAME
Personal name Nkrumah, Kwame,
Dates associated with a name 1909-1972.
9 (RLIN) 24693
650 #0 - SUBJECT ADDED ENTRY--TOPICAL TERM
Topical term or geographic name as entry element Pan-Africanism.
9 (RLIN) 3229
651 #0 - SUBJECT ADDED ENTRY--GEOGRAPHIC NAME
Geographic name Ghana
General subdivision Foreign relations
Geographic subdivision Africa, East.
9 (RLIN) 24694
651 #0 - SUBJECT ADDED ENTRY--GEOGRAPHIC NAME
Geographic name Africa, East
General subdivision Foreign relations
Geographic subdivision Ghana.
9 (RLIN) 24695
651 #0 - SUBJECT ADDED ENTRY--GEOGRAPHIC NAME
Geographic name Ghana
General subdivision Politics and government
Chronological subdivision 1957-1979.
9 (RLIN) 23604
651 #0 - SUBJECT ADDED ENTRY--GEOGRAPHIC NAME
Geographic name Ghana
General subdivision Politics and government
Chronological subdivision 1979-2001.
9 (RLIN) 24696
906 ## - LOCAL DATA ELEMENT F, LDF (RLIN)
a 7
b cbc
c orignew
d 1
e ocip
f 19
g y-gencatlg
942 ## - ADDED ENTRY ELEMENTS (KOHA)
Source of classification or shelving scheme Library of Congress Classification
Koha item type Monograph ( Printed materials)
Holdings
Withdrawn status Lost status Source of classification or shelving scheme Damaged status Not for loan Collection code Home library Current library Shelving location Date acquired Total Checkouts Full call number Barcode Date last seen Price effective from Koha item type
    Library of Congress Classification     Main Collection ARRUPE LIBRARY ARRUPE LIBRARY Main Collection 10/08/2016   DT512 .A66 1992 46500009461 07/12/2017 10/08/2016 Monograph ( Printed materials)

 

Arrupe Library. PO Box MP320 Mt Pleasant, Harare, Zimbabwe
263 242 745411|librarian@aju.ac.zw